000 00956nam a2200289Ia 4500
005 20250425162058.0
008 250425s9999 xx 000 0 und d
020 _a9702601010
041 _aspa
043 _amx
082 _a658.8
100 _aKOTLER, PHILIP.
245 0 _aMARKETING
250 _a8A ED.
260 _aMEXICO
260 _aMéxico
_bPEARSON EDUCACION
_c2001
300 _a691
500 _aTítulo Traducido: PRINCIPES OF MARKETING
520 _aPRESENTA UNA INTRODUCCION EXHAUSTIVA, INOVADORA, GERENCIAL Y PRATICA EN EL CAMPO DE MARKETING. CONTIENE: PARTE I : ENTENDER EL MARKETING Y EL PROCESO DE MARKETING: PLANEACION ESTRATEGICA Y EL PROCESO DE MARKETING. EL ENTORNO DE MARKETING GLOBAL. PAR
650 _aCONSUMIDORES
650 _aESTRATEGIAS DE MARKETING
650 _aMARKETING
650 _aPLANEACION ESTRATEGICA
700 _aROBERTO LUIS ESCALONA GARCIA
_etraductor
942 _c01
010 _a48155
999 _c221920
_d221920